000
00339nam a22001457a 4500
005
20161022151753.0
008
161022b xxu||||| |||| 00| 0 eng d
041
_a
eng
100
_a
BISWAS,D
_9
3628
245
_a
ROCK MECHANICS AND GROUND CONTROL
260
_b
LOVELY
300
_a
112
650
_a
MINING ENGINEERING
_9
3629
942
_c
BK
999
_c
5283
_d
5281